000
00285 a2200109 4500
001
ART_45375
005
20260410161630.0
008
260409a
245
1
0
_a
Tamaño y rentabilidad
100
1
_a
Pascale, Ricardo
773
0
_t
Enfoques
_g
- Nº 2 (feb. 2018)
_w
REV416
999
_c
12348
_d
12348